000 00341 a2200133 4500
001 47449
020 _a9788576241225
040 _cAnchieta - Aquarius
240 1 0 _aDia a dia com o Smilinguido e sua turma
_lpor
245 1 0 _aDia a dia com o Smilinguido e sua turma
300 _a365 p.
650 4 _aLiteratura infanto-juvenil
942 _cBK
999 _c47449
_d47449